000 01197nam a2200373 i 4500
001 33024
003 KOSZ 005
005 20200418132956.0
008 931010s1993 pl f f |000 0 pol d
020 _a8370174701
040 _cKOSZ 005
_aKOSZ 005
_dKOSZ 005/HR
041 0 _apl
080 _a005
080 _a(075.8)
245 0 0 _aOrganizacja i zarządzanie /
_cAlfred Czermiński [et al.] ; Uniwersytet Gdański.
260 _aGdańsk :
_bUG,
_c1993.
300 _a184 s. :
_brys., wykr. ;
_c24 cm.
336 _2rdacontent
_aTekst
_btxt
337 _2rdamedia
_aBez urządzenia pośredniczącego
_bn
338 _2rdacarrier
_aWolumin
_bnc
380 _aKsiążki
380 _aPublikacje dydaktyczne
385 _mPoziom nauczania
_aSzkoły wyższe
388 _a1901-2000
388 _a1989-2000
504 _aBibliogr. przy rozdz.
658 _aZarządzanie i marketing
655 _aPodręczniki akademickie
650 4 _aOrganizacja
650 4 _aZarządzanie
700 1 _aCzermiński, Alfred
_d(1923-2011)
_eAutor
856 _uhttp://koha.tu.koszalin.pl/cgi-bin/koha/opac-detail.pl?biblionumber=33024
_yKatalog online BPK
942 _cKS
_2UKD
999 _c33024
_d33024